[Event "Caribbean op"]
[Site "Port of Spain"]
[Date "2009.08.06"]
[Round "4"]
[White "Ramos, Cesar"]
[Black "Perdomo, Abel"]
[Result "0-1"]
[WhiteElo "2124"]
[BlackElo "1904"]
[PlyCount "52"]
[EventDate "2009.08.04"]
[EventType "swiss"]
[EventRounds "9"]
[EventCountry "TRI"]
[SourceTitle "EXT 2015"]
[Source "ChessBase"]
[SourceDate "2014.11.20"]
[SourceVersion "1"]
[SourceVersionDate "2014.11.20"]
[SourceQuality "1"]

1. e4 e6 2. d4 d5 3. Nc3 Bb4 4. e5 c5 5. a3 Bxc3+ 6. bxc3 Nc6 7. Nf3 Qc7 8. Bd2 Nge7 9. h4 Bd7 10. h5 h6 11. Bd3 0-0-0 12. Rh4 f6 13. Bf4 f5 14. Bd2 Rdg8 15. Kf1 g6 16. hxg6 Rxg6 17. dxc5 Rg4 18. Rxg4 fxg4 19. Nd4 Qxe5 20. Qxg4 Rg8 21. Nxc6 Bxc6 22. Qe2 Qh2 23. Qxe6+ Bd7 24. Qd6 Qxg2+ 25. Ke1 Qh1+ 26. Bf1 Qxf1+ 0-1

[Event "Caribbean op"]
[Site "Port of Spain"]
[Date "2009.08.04"]
[Round "2"]
[White "Hanoeman, Suradj"]
[Black "Perdomo, Abel"]
[Result "1/2-1/2"]
[WhiteElo "1908"]
[BlackElo "1904"]
[PlyCount "21"]
[EventDate "2009.08.04"]
[EventType "swiss"]
[EventRounds "9"]
[EventCountry "TRI"]
[SourceTitle "EXT 2015"]
[Source "ChessBase"]
[SourceDate "2014.11.20"]
[SourceVersion "1"]
[SourceVersionDate "2014.11.20"]
[SourceQuality "1"]

1. d4 d5 2. c4 e6 3. Nc3 Nf6 4. Bg5 c6 5. cxd5 exd5 6. Qc2 Be7 7. e3 Nbd7 8. Bd3 h6 9. Bf4 Nf8 10. Nge2 Ne6 11. Be5 1/2-1/2

[Event "Caribbean op"]
[Site "Port of Spain"]
[Date "2009.08.04"]
[Round "1"]
[White "Perdomo, Abel"]
[Black "Singh, Ravishen"]
[Result "0-1"]
[WhiteElo "1904"]
[BlackElo "2116"]
[PlyCount "104"]
[EventDate "2009.08.04"]
[EventType "swiss"]
[EventRounds "9"]
[EventCountry "TRI"]
[SourceTitle "EXT 2015"]
[Source "ChessBase"]
[SourceDate "2014.11.20"]
[SourceVersion "1"]
[SourceVersionDate "2014.11.20"]
[SourceQuality "1"]

1. e4 c5 2. Nf3 e6 3. d4 cxd4 4. Nxd4 Nf6 5. Bd3 d5 6. exd5 Nxd5 7. 0-0 Be7 8. a3 0-0 9. c4 Nf6 10. Nf3 Qc7 11. Qe2 Nbd7 12. Nc3 a6 13. b4 Re8 14. Bb2 b6 15. Ne4 Bb7 16. Nxf6+ Bxf6 17. Bxf6 Nxf6 18. Ne5 Rad8 19. Rad1 Rd6 20. Bb1 Red8 21. f4 g6 22. h3 Rd4 23. g3 Qd6 24. Bc2 Be4 25. Rxd4 Qxd4+ 26. Kh2 Qc3 27. Bxe4 Rd2 28. Qxd2 Qxd2+ 29. Bg2 Qc2 30. Rf3 Ne4 31. Rd3 Nd2 32. Rd8+ Kg7 33. Rd7 Nf1+ 34. Kg1 Ne3 35. Bf3 Qc1+ 36. Kf2 Nxc4 37. Nxf7 Qe3+ 38. Kg2 Nd2 39. Ng5+ Kf8 40. Bg4 Ne4 41. Nxe6+ Kg8 42. Rd8+ Kf7 43. Ng5+ Nxg5 44. fxg5 Qxa3 45. Rd7+ Ke8 46. Rxh7 Qxb4 47. Bd7+ Kd8 48. h4 Qd2+ 49. Kh3 Qxd7+ 50. Rxd7+ Kxd7 51. g4 a5 52. h5 Ke7 0-1